| 000 | 00522nam a22001817a 4500 | ||
|---|---|---|---|
| 008 | 230630b |||||||| |||| 00| 0 eng d | ||
| 020 | _a978-93-87889-26-2 | ||
| 040 |
_aNational Science Library _cNational Science Library |
||
| 080 |
_a82-31MIS _bQ8 |
||
| 100 | _aMishra, Avinash | ||
| 245 | _aनई शेखर की जीवनी | ||
| 246 | _aNaye shekar ki jeewani | ||
| 260 |
_aNew Delhi: _bVani Prakashan, _c2018 |
||
| 300 | _a158p. | ||
| 650 | _aLiterature | ||
| 653 | _aStory | ||
| 942 |
_2udc _cHBK |
||
| 999 |
_c48564 _d48564 |
||